| 000 | 00726nam a2200217Ii 4500 | ||
|---|---|---|---|
| 003 | JO-AjNU | ||
| 008 | 230606s9999||||xx |||||||||||||| ||und|| | ||
| 020 | _a0-521-32265-9/0-521-32332-0 | ||
| 040 |
_aJO-AjNU _beng _erda _cJO-AjNU |
||
| 041 | _aeng | ||
| 050 | 1 | 4 | _aPE1128.G43 1987 |
| 100 | 3 |
_aH.Glendinning ,Eric تأليف;Beverly A.S.Holmstrom م.مشارك, _eauthor _92732 |
|
| 245 | 0 | 0 | _aEnglish in Medicine :A course in Communication Skills |
| 250 | _a1 ed | ||
| 264 | 3 | 1 | _aNew York:Cambridge University Press,1987 |
| 300 | _a153p | ||
| 336 |
_atext _btxt _2rdacontent |
||
| 337 |
_aunmediated _bn _2rdamedia |
||
| 338 |
_avolume _bnc _2rdacarrier |
||
| 650 | 4 |
_aEnglish Language-English in Medicine-Language _92733 |
|
| 999 |
_aE1430 _c1430 _d1430 |
||